000 00325nam a22001337a 4500
005 20250901165818.0
008 250407b |||||||| |||| 00| 0 eng d
020 _a9789966773968
050 _aPL 8704.W36 2014
245 _aKAZA MACHO
_cWAMITILA KW
260 _aNAIROBI
_bMUWA PUBLISHERS
_c2014
300 _a152
942 _2lcc
999 _c9542
_d9542